El arte autobiográfico en Cuba en el siglo XIX / (Record no. 3263)
[ view plain ]
| 000 -CABECERA | |
|---|---|
| campo de control de longitud fija | 01169cam a2200229 a 4500 |
| 001 - NÚMERO DE CONTROL | |
| campo de control | 000003433 |
| 005 - FECHA Y HORA DE LA ÚLTIMA TRANSACCIÓN | |
| campo de control | 20200929150436.0 |
| 008 - DATOS DE LONGITUD FIJA--INFORMACIÓN GENERAL | |
| campo de control de longitud fija | 960612s1995 nju b 001 0 spa d |
| 020 ## - NÚMERO INTERNACIONAL ESTÁNDAR DEL LIBRO | |
| Número Internacional Estándar del Libro | 1884975046 |
| 040 ## - FUENTE DE LA CATALOGACIÓN | |
| Centro catalogador/agencia de origen | DO-SdBNP |
| Lengua de catalogación | spa |
| Centro/agencia transcriptor | BNPHU |
| 082 ## - NÚMERO DE LA CLASIFICACIÓN DECIMAL DEWEY | |
| Número de clasificación | Cu860.9 |
| Número de documento/Ítem | J614a |
| 100 1# - ENTRADA PRINCIPAL--NOMBRE DE PERSONA | |
| Nombre de persona | Jiménez, Luis A. |
| Fechas asociadas al nombre | 1984- |
| 9 (RLIN) | 10705 |
| 245 13 - MENCIÓN DE TÍTULO | |
| Título | El arte autobiográfico en Cuba en el siglo XIX / |
| Mención de responsabilidad, etc. | Luis A. Jiménez. |
| 260 ## - PUBLICACIÓN, DISTRIBUCIÓN, ETC. | |
| Lugar de publicación, distribución, etc. | New Brunswick, New Jersey : |
| Nombre del editor, distribuidor, etc. | Ometeca Institute, |
| Fecha de publicación, distribución, etc. | 1995. |
| 300 ## - DESCRIPCIÓN FÍSICA | |
| Extensión | 188 p. ; |
| Dimensiones | 22 cm. |
| 504 ## - NOTA DE BIBLIOGRAFÍA, ETC. | |
| Nota de bibliografía, etc. | Incluye referencias bibliográficas(p. [161]-174) y el índice. |
| 505 0# - NOTA DE CONTENIDO CON FORMATO | |
| Nota de contenido con formato | La condesa de Merlín y la expresión de la otredad -- Manzano: voces y silencios narrativos -- Diario de amor de Gertrudis Gómez de Avellaneda -- Epistolario de Juana Borrero -- Poesía autobiográfica y ficción en "La niña de Guatemala" -- Casal y la poética de la "Autobiografía" -- Zenea y la alegoría de la separación. |
| 650 #4 - PUNTO DE ACCESO ADICIONAL DE MATERIA--TÉRMINO DE MATERIA | |
| Término de materia o nombre geográfico como elemento de entrada | Literatura cubana |
| Subdivisión cronológica | SIGLO XIX |
| Subdivisión general | Historia y crítica |
| 9 (RLIN) | 10706 |
| 650 #4 - PUNTO DE ACCESO ADICIONAL DE MATERIA--TÉRMINO DE MATERIA | |
| Término de materia o nombre geográfico como elemento de entrada | Autobiografía |
| 9 (RLIN) | 323 |
| 651 #4 - PUNTO DE ACCESO ADICIONAL DE MATERIA--NOMBRE GEOGRÁFICO | |
| Nombre geográfico | Cuba |
| Subdivisión general | Biografía |
| -- | Historia Y Crítica |
| 9 (RLIN) | 10707 |
| 650 #0 - PUNTO DE ACCESO ADICIONAL DE MATERIA--TÉRMINO DE MATERIA | |
| Término de materia o nombre geográfico como elemento de entrada | Autores cubanos |
| Subdivisión cronológica | SIGLO XIX |
| Subdivisión general | Biografía |
| -- | Historia y crítica |
| 9 (RLIN) | 10708 |
| Estado de retiro | Estado de pérdida | Restricciones de uso | No para préstamo | Código de colección | Localización permanente | Ubicación/localización actual | Ubicación en estantería | Fecha de adquisición | Número de inventario | Total de préstamos | Signatura topográfica completa | Código de barras | Fecha visto por última vez | Precio válido a partir de | Tipo de ítem Koha |
|---|---|---|---|---|---|---|---|---|---|---|---|---|---|---|---|
| Préstamo interno | Monografías: Libros y Folletos | General | General | En catalogación | 08.07.2009 | LF1 | Cu860.9 J614a | 3433-10 | 25.06.2020 | 25.06.2020 | Préstamo interno |
